000 00672nam a22002177a 4500
003 UA-OsUOA
001 114822
007 ta
008 20151123b un ||||| |||| 00| 0 ukr d
100 _aШвабій К.І.
090 _a330(477)
_bШ33
942 _cSA
040 _aUA-OsUOA
_bukr
_cUA-OsUOA
_dUA-OsUOA
245 _aТеоретичні підходи до флрмування та реалізації податкової політики держави
300 _aС.90-104
955 _a0
041 _aukr
080 _a330(477)
773 0 _w114816
_tФінанси України
_dК.
_d2015
_g10
650 7 _a330 Економіка взагалі
_2UDC
999 _c401026
_d401026